Introducción a la economía positiva (Registro nro. 3829)

Detalles MARC
000 -LEADER
fixed length control field 03009 a2200253 4500
001 - CONTROL NUMBER
control field 44879
005 - DATE AND TIME OF LATEST TRANSACTION
control field 20260407155723.0
008 - FIXED-LENGTH DATA ELEMENTS--GENERAL INFORMATION
fixed length control field 260407a1991 arg spa d
003 - CONTROL NUMBER IDENTIFIER
control field AR-UNSa-BCEJYS
040 ## - CATALOGING SOURCE
Original cataloging agency AR-UNSa-BCEJYS
Language of cataloging spa
Transcribing agency AR-UNSa-BCEJYS
080 ## - UNIVERSAL DECIMAL CLASSIFICATION NUMBER
Universal Decimal Classification number 330
Common auxiliary subdivision Economía en general
020 ## - INTERNATIONAL STANDARD BOOK NUMBER
International Standard Book Number 978-84-316-2923-6
041 ## - LANGUAGE CODE
Language code of text/sound track or separate title spa
100 1# - MAIN ENTRY--PERSONAL NAME
Personal name Lipsey, Richard G.
245 10 - TITLE STATEMENT
Title Introducción a la economía positiva
250 ## - EDITION STATEMENT
Edition statement 12a. ed.
264 #1 - PRODUCTION, PUBLICATION, DISTRIBUTION, MANUFACTURE, AND COPYRIGHT NOTICE
Place of production, publication, distribution, manufacture Barcelona :
Name of producer, publisher, distributor, manufacturer Vicens-Vives
Date of production, publication, distribution, manufacture, or copyright notice 1991
300 ## - PHYSICAL DESCRIPTION
Extent xxvii, 927 p.
Dimensions 25 cm.
505 ## - FORMATTED CONTENTS NOTE
Formatted contents note Parte I: Alcance y método: 1. Temas económicos – 2. La economía como una ciencia social – 3. Los instrumentos de la economía – 4. Conceptos económicos básicos – Parte II: Teoría elemental de la demanda y la oferta: 5. Demanda, oferta y precio – 6. Elasticidad y excedente del consumidor – 7. Aplicaciones de la teoría de los precios – Parte III: Teoría elemental de la demanda: 8. Teoría de la indiferencia y la preferencia – 9. Incertidumbre, riesgo y otras cuestiones – Parte IV: Teoría elemental de la oferta: 10. La empresa, producción y coste – 11. Los costes y la producción – 12. Competencia perfecta – 13. Teoría del monopolio – 14. Competencia imperfecta – 15. Aplicaciones – 16. Críticas y contrastaciones de la teoría de la oferta – Parte V: Teoría de la distribución: 17. Las rentas de los factores en los mercados competitivos – 18. La renta de trabajo – 19. La renta del capital – 20. Críticas y contrastaciones de la teoría de la distribución – Parte VI: Comercio internacional: 21. Las ganancias del comercio – 22. Barreras al comercio – Parte VII: Política microeconómica: 23. Argumentos en favor del libre mercado – 24. Argumentos a favor del intervencionismo – 25. Objetivos de la política pública – Parte VIII: Teoría elemental de la renta nacional: tipos de interés y nivel de precios fijos: 26. Conceptos y variables macroeconómicos – 27. Renta nacional en un modelo de dos sectores – 28. La función consumo - 29. La renta nacional en modelos más complejos – Parte IX: Teoría intermedia de la renta nacional: tipos de interés y nivel de precios variables: 30. El dinero y el nivel de precios – 31. El equilibrio monetario – 32. El modelo IS- LM – 33. El modelo de la oferta agregada y la demanda agregada – Parte X: Problemas, políticas y controversias macroeconómicas: 34. Inflación – 35. Empleo y desempleo – 36. Fluctuaciones y crecimiento – 37. Política de demanda 1: política fiscal – 38. Política de demanda 2: política monetaria – 39. Tipos de cambio – 40. Política macroeconómica en una economía abierta – 41. Crecimiento en los países menos desarrollados – 42. Controversias macroeconómicas -
590 ## - LOCAL NOTE (RLIN)
Local note niveau_biblio:m niveau_hierar:0
700 1# - ADDED ENTRY--PERSONAL NAME
Personal name Tugores Ques, Juan
856 41 - ELECTRONIC LOCATION AND ACCESS
Uniform Resource Identifier <a href="https://www.biblioeco.unsa.edu.ar/pmb/images/libros/L127011.jpg">https://www.biblioeco.unsa.edu.ar/pmb/images/libros/L127011.jpg</a>
Link text Imagen de portada
Electronic format type image/jpeg
942 ## - ADDED ENTRY ELEMENTS (KOHA)
Koha item type
Existencias
Withdrawn status Lost status Damaged status Not for loan Home library Current library Shelving location Date acquired Total checkouts Full call number Barcode Date last seen Price effective from Koha item type
        Biblioteca Prof. Eusebio Cleto del Rey Biblioteca Prof. Eusebio Cleto del Rey   07/04/2026   330 L767 12ed. L127011 07/04/2026 07/04/2026 Libro
        Biblioteca Prof. Eusebio Cleto del Rey Biblioteca Prof. Eusebio Cleto del Rey   07/04/2026   330 L767 12ed. L127373 07/04/2026 07/04/2026 Libro